000 00558nam a2200193 i 4500
001 bgj
245 1 0 _aDas Argument :
_bBerliner Hefte für Probleme der Gesellschaft.
_n1/1969 /
_chrsg. von Wolfgang F. Haug und Christof Müller-Wirth.
260 _aMünchen :
_bCarl Hanser Verlag,
_c1969.
300 _a63 s.
_c21 cm.
650 9 _aLiteratura
700 1 _aHaug, Wolfgang Fritz.
700 1 _aMüller-Wirth, Christof.
040 _cBPK
041 0 _ager
044 _aDEU
080 _a82
942 _cKS
008 s gw f |000 0 ger
999 _c49974
_d49974
856 _uhttp://koha.tu.koszalin.pl/cgi-bin/koha/opac-detail.pl?biblionumber=49974
_yKatalog online BPK